| 000 | 00366nam a2200121Ia 4500 | ||
|---|---|---|---|
| 008 | 210430s9999 xx 000 0 und d | ||
| 082 | _a620.11 T 787 I | ||
| 100 | _aK R Trethewey and J Chamberlain | ||
| 245 |
_aCorrosion for Scince and Engineering 2nd _cK R Trethewey and J Chamberlain |
||
| 260 |
_aphotocopy _bLongman _c1995 |
||
| 300 | _a466 p | ||
| 942 |
_cBK _2ddc |
||
| 999 |
_c564968 _d564968 |
||